000 00538nam a2200181 a 4500
005 20210223130343.0
008 071128s2005 mx r 000 0 spa d
020 _a968583041X
035 _aUPN01000153718
049 _aI
050 4 _aPZ7
_bJ3.4
100 1 _aJefferies, Cindy
245 1 0 _aEscuela de fama :
_bcumple tu sueño /
_cCindy Jefferies ; tr. Alicia Lorefice.
260 _aMéxico :
_bLumen,
_c2005.
300 _a125 p. :
650 4 _aPARQUE ROCKLEY (LUGAR IMAGINARIO) -
_vLITERATURA JUVENIL
_911176
905 _aInfantil
999 _c125839
_d125839